• 首页
  • 本馆介绍
  • 公告通知
  • 最新文献
  • 馆藏检索
  • 电子资源
  • 读者导购
  • 参考咨询
  • 我的图书馆
  • 登录
  • 详细信息显示
  • 放入我的书架
  • 预约/预借图书
  • 作者相关作品
  • 分类相关作品
  • 丛书相关作品
  • 出版社相关作品

书目信息

  • 表格格式
  • 工作单格式
  • 卡片格式
题名:
傅光宇学术文选
    
 
作者: 傅光宇 著
分册:  
出版信息: 昆明   云南人民出版社  2016
页数: 391页
开本: 24cm
丛书名: 云南文库·学术名家文丛
单 册:
中图分类: I207.7-53
科图分类:
主题词: 民间文学--文学研究--中国--文集
电子资源:
ISBN: 978-7-222-13116-3
000 00936oam2 2200253 450
001 012001002772
005 20140926114740.0
010    @a978-7-222-13116-3@dCNY75.00
100    @a20160913d2015 em y0chiy50 ea
101 0  @achi
102    @aCN@b530000
105    @ay z 000yy
106    @ar
200 1  @a傅光宇学术文选@9fu guang yu xue shu wen xuan@f傅光宇著
210    @a昆明@c云南人民出版社@c云南大学出版社@d2016
215    @a391页@d24cm
225 1  @a云南文库·学术名家文丛
330    @a本书汇集了民间文艺学家、民俗学家傅光宇先生在民俗学、文化学、神话学的教学与科研工作中的重要著述。作者从大量的各族民间文学作品中,分析、归纳、梳理出规律性的事理,多角度研究人类发展史和生命起源史。
461  0 @12001 @a云南文库·学术名家文丛
606 0  @a民间文学@x文学研究@y中国@j文集
690    @aI207.7-53@v5
701  0 @a傅光宇@9fu guang yu@f(1934-)@4著
801  0 @aCN@b上海新华@c20180901
905    @b1158609-13@dI207.7-53@e879@f5
    
    傅光宇学术文选/傅光宇著.-昆明:云南人民出版社:云南大学出版社,2016
    391页;24cm.-(云南文库·学术名家文丛)
    
    
    ISBN 978-7-222-13116-3:CNY75.00
    本书汇集了民间文艺学家、民俗学家傅光宇先生在民俗学、文化学、神话学的教学与科研工作中的重要著述。作者从大量的各族民间文学作品中,分析、归纳、梳理出规律性的事理,多角度研究人类发展史和生命起源史。
●
相关链接 在E读中查询图书 在五车中查询图书 在当当中查询图书 在豆瓣中查询图书


正题名:傅光宇学术文选     索取号:I207.7-53/879         预约/预借

序号 登录号 条形码 馆藏地/架位号 状态 备注
1 1158609   211586096   第一样本阅览室/ [索取号:I207.7-53/879] 在馆    
2 1158610   211586103   密集书库-文学院/ [索取号:I207.7-53/879] 在馆    
3 1158611   211586112   第二借阅区/ [索取号:I207.7-53/879] 在馆    
4 1158612   211586121   第二借阅区/ [索取号:I207.7-53/879] 在馆    
5 1158613   211586130   第二借阅区/ [索取号:I207.7-53/879] 在馆    
唐山师范学院图书馆 欢迎您!
大连网信软件有限公司© 版权所有